000 00462nam a2200193Ia 4500
005 20250603144558.0
008 250603s9999 xx 000 0 und d
020 _a9781259095573
050 _aQH 307.2 .H64/
100 _aHoefnagels, Marielle
245 0 _aBiology: concepts and investigations
250 _a3rd ed.
260 _aNew York
260 _bMcGraw Hill Education
260 _c2015
300 _a826 p
650 _aNew York
942 _cBK
999 _c39338
_d39338